000 00935nam a2200229Ia 4500
003 GCL
008 140319s9999 xx 000 0 ara d
020 _a6180322977
040 _aGCL /
_cGCL
082 0 4 _aق
_b398.87
_bم ج
100 1 _aمحمد احمد غنيم
245 1 0 _aجماعات الغناء والطرب :
_bدراسة انثروبولوجية - بمدينة المنصورة /
_cمحمد احمد غنيم
250 _aالاولى
260 _aالقاهرة :
_bعين للدراسات والبحوث الانسانية والاجتماعية ،
_c2006
300 _a99 ص ؛
_c24 سم
650 0 4 _aالرقص الشعبى المصرى
650 0 4 _aالادب الشعبى - مصر
650 0 4 _aالاغانى الشعبية المصرية
650 0 4 _aالابداع الادبى والفنى - مصر
650 0 4 _aالاغانى الشعبية المصرية - المنصورة
942 _2ddc
_cBK
999 _c9698
_d9698